| 000 | 00732nam a2200229 a 4500 | ||
|---|---|---|---|
| 008 | |||
| 020 | _a0471960950 (cased) | ||
| 049 | _aMAIN | ||
| 090 | _aKF3120.Z9 | ||
| 100 | 1 | _aKnight, H. Jackson. | |
| 245 | 1 | 0 |
_aPatent strategy for researchers and research managers / _cH. Jackson Knight. |
| 260 |
_aNew York : _bJohn Wiley & Sons, _cc1996. |
||
| 300 |
_axiv, 166 p. : _bill. ; _c24 cm. |
||
| 504 | _aIncludes bibliographical references. | ||
| 500 | _aIncludes index. | ||
| 650 | 0 |
_aPatent laws and legislation _zUnited States _xPopular works. |
|
| 907 |
_a.b10061095 _b08-09-04 _c17-04-03 |
||
| 003 | |||
| 005 | 20230123133237.0 | ||
| 040 | _cNUST | ||
| 942 |
_cBOOKS _kKF3120.Z9 |
||
| 999 |
_c145219 _d145219 |
||